[Event "Bodenseecup"]
[Site "Pfullendorf"]
[Date "2003.05.02"]
[Round "1.12"]
[White "Plenca, Julian"]
[Black "Hindermann, Felix"]
[Result "1/2-1/2"]
[WhiteElo "2066"]
[BlackElo "2184"]
[PlyCount "79"]
[EventDate "2003.05.??"]
[SourceDate "2003.05.03"]
[WhiteTeam "Württemberg"]
[BlackTeam "Schweiz"]

1. e4 e6 2. d4 d5 3. Nd2 c5 4. dxc5 Bxc5 5. exd5 Qxd5 6. Ngf3 Nf6 7. Bc4 Qd6 8.
O-O O-O 9. Qe2 Nc6 10. c3 a6 11. Ne4 Nxe4 12. Qxe4 Ne7 13. Ng5 Ng6 14. h4 Qc6
15. h5 Qxe4 16. Nxe4 Ne5 17. Be2 Be7 18. Bf4 Nc6 19. Bd6 b6 20. Bf3 Ra7 21.
Rad1 Bd7 22. Bxe7 Nxe7 23. Rd6 f5 24. Nd2 Nc8 25. Rd3 e5 26. Bd5+ Kh8 27. Nc4
Bb5 28. a4 e4 29. Rh3 Bxc4 30. Bxc4 Nd6 31. Be2 f4 32. Rd1 Nf5 33. Bg4 h6 34.
Bxf5 Rxf5 35. Rd8+ Kh7 36. Re8 f3 37. Rxe4 fxg2 38. Kxg2 Raf7 39. f3 b5 40. Re6
1/2-1/2

[Event "Bodenseecup"]
[Site "Pfullendorf"]
[Date "2003.05.03"]
[Round "2.1"]
[White "Siegel, Georg"]
[Black "Schmittdiel, Eckhard"]
[Result "1/2-1/2"]
[WhiteElo "2442"]
[BlackElo "2536"]
[PlyCount "29"]
[EventDate "2003.05.??"]
[SourceDate "2003.05.03"]
[WhiteTeam "Baden"]
[BlackTeam "Württemberg"]

1. Nf3 c5 2. c4 Nc6 3. d4 cxd4 4. Nxd4 Nf6 5. Nc3 Qb6 6. Nb3 e6 7. e4 Bb4 8.
Be3 Bxc3+ 9. bxc3 Qc7 10. Bd3 Ne5 11. Bd4 b6 12. O-O Nxd3 13. Qxd3 e5 14. Qg3
d6 15. Qxg7 1/2-1/2

[Event "Bodenseecup"]
[Site "Pfullendorf"]
[Date "2003.05.03"]
[Round "2.2"]
[White "Reuss, Andreas"]
[Black "Miltner, Arndt"]
[Result "1-0"]
[WhiteElo "2372"]
[BlackElo "2368"]
[PlyCount "75"]
[EventDate "2003.05.??"]
[SourceDate "2003.05.03"]
[WhiteTeam "Württemberg"]
[BlackTeam "Baden"]

1. Nf3 d6 2. d4 Nf6 3. Bg5 Nbd7 4. Nbd2 e5 5. e3 Be7 6. Bd3 O-O 7. O-O Ne8 8.
Bxe7 Qxe7 9. e4 Nef6 10. c3 b6 11. a4 a5 12. Qe2 Bb7 13. d5 Nc5 14. Bb5 Nh5 15.
g3 f5 16. exf5 Bxd5 17. b4 Nd7 18. Nd4 Ndf6 19. f4 c5 20. bxc5 bxc5 21. Nc2 Qc7
22. fxe5 dxe5 23. Nc4 e4 24. N2e3 Bb7 25. Rad1 Rad8 26. Rxd8 Rxd8 27. Ng2 Nxg3
28. hxg3 Qxg3 29. Nce3 h5 30. Qa2+ Kh7 31. Qf2 Qe5 32. Qf4 Qxc3 33. Qc7 Rd2 34.
Qxb7 Qe5 35. Qf7 Kh8 36. Bc4 Qg3 37. Qg6 Qh3 38. Rb1 1-0

[Event "Bodenseecup"]
[Site "Pfullendorf"]
[Date "2003.05.03"]
[Round "2.3"]
[White "Arnold, Lothar"]
[Black "Gheng, Josef"]
[Result "0-1"]
[WhiteElo "2368"]
[BlackElo "2335"]
[PlyCount "124"]
[EventDate "2003.05.??"]
[SourceDate "2003.05.03"]
[WhiteTeam "Baden"]
[BlackTeam "Württemberg"]

1. e4 e5 2. Nf3 d6 3. d4 exd4 4. Nxd4 Nf6 5. Nc3 Be7 6. Be2 O-O 7. O-O Re8 8.
Re1 h6 9. Bf1 Nbd7 10. Nf5 Bf8 11. f3 Ne5 12. Ne3 c6 13. b3 d5 14. exd5 cxd5
15. Nb5 Qb6 16. c3 Bd7 17. Nd4 Rac8 18. Bb2 Nc6 19. Nec2 Bc5 20. Rxe8+ Rxe8 21.
Qd2 Bf5 22. Kh1 Nxd4 23. Nxd4 Bxd4 24. cxd4 Rc8 25. Rc1 Rxc1 26. Qxc1 a6 27.
Bc3 Kh7 28. Kg1 g5 29. Be2 Ne8 30. Qe3 Ng7 31. Kf2 Qc7 32. g3 Kg8 33. Qd2 Qd7
34. Qd1 Qe7 35. Qd2 Ne6 36. Qe3 Qc7 37. Qd2 Bb1 38. Bd1 Bxa2 39. Qb2 Bb1 40.
Qd2 Bg6 41. Qe3 a5 42. Qd2 b6 43. Bb2 b5 44. Bc3 b4 45. Bb2 f6 46. Qe2 Qc6 47.
Qe3 Kf7 48. Qe2 Nc7 49. Qd2 Ne6 50. Kg2 Bf5 51. Kf2 Nc7 52. Kg2 Ne8 53. h4 Qc7
54. hxg5 hxg5 55. Qe2 Qc6 56. Qe3 Ng7 57. Qe2 Ne6 58. Qe3 g4 59. fxg4 Be4+ 60.
Kg1 Ng5 61. Qc1 Qd6 62. Kh2 Qb8 0-1

[Event "Bodenseecup"]
[Site "Pfullendorf"]
[Date "2003.05.03"]
[Round "2.4"]
[White "Schnepp, Gunnar"]
[Black "Wippermann, Till"]
[Result "1/2-1/2"]
[WhiteElo "2307"]
[BlackElo "2366"]
[PlyCount "120"]
[EventDate "2003.05.??"]
[SourceDate "2003.05.03"]
[WhiteTeam "Württemberg"]
[BlackTeam "Baden"]

1. d4 Nf6 2. c4 c5 3. d5 b5 4. Nf3 Bb7 5. a4 Qa5+ 6. Qd2 Qxd2+ 7. Nbxd2 bxc4 8.
e4 g6 9. Bxc4 Bg7 10. Ra3 Na6 11. Re3 Nb4 12. O-O O-O 13. Nb3 d6 14. Na5 Rab8
15. Nxb7 Rxb7 16. Re2 Nd7 17. a5 h6 18. g4 Kh7 19. Bf4 Rd8 20. Rd1 Bf6 21. Kg2
Kg7 22. h4 Rh8 23. Kg3 Rd8 24. Kg2 Rh8 25. Kg3 Rd8 26. g5 hxg5 27. hxg5 Be5 28.
Nxe5 Nxe5 29. Bxe5+ dxe5 30. Rh1 Rbb8 31. f4 exf4+ 32. Kxf4 Rh8 33. Reh2 Rxh2
34. Rxh2 Rd8 35. b3 f6 36. gxf6+ exf6 37. Rd2 g5+ 38. Kf3 Rh8 39. e5 fxe5 40.
Ke4 Kf6 41. Rf2+ Ke7 42. Kxe5 g4 43. Rf5 Re8 44. Rg5 Kd7+ 45. Kf4 Rf8+ 46. Kxg4
Kd6 47. Rg6+ Kc7 48. Rg7+ Kd6 49. Rg6+ Kc7 50. a6 Rd8 51. Rg7+ Rd7 52. Rg5 Rd6
53. Kf4 Nxa6 54. Rg7+ Kb6 55. Ke5 Rh6 56. Bxa6 Kxa6 57. Rf7 Kb5 58. Rxa7 Rh5+
59. Ke4 Rh4+ 60. Ke3 Rd4 1/2-1/2

[Event "Bodenseecup"]
[Site "Pfullendorf"]
[Date "2003.05.03"]
[Round "2.5"]
[White "Raupp, Thomas"]
[Black "Lorscheid, Gerhard"]
[Result "1-0"]
[WhiteElo "2349"]
[BlackElo "2315"]
[PlyCount "55"]
[EventDate "2003.05.??"]
[SourceDate "2003.05.03"]
[WhiteTeam "Baden"]
[BlackTeam "Württemberg"]

1. d4 d6 2. c4 g6 3. Nc3 Bg7 4. e4 Nf6 5. Nf3 O-O 6. Be2 c5 7. O-O cxd4 8. Nxd4
Nc6 9. Be3 Bd7 10. Qd2 Nxd4 11. Bxd4 Bc6 12. f3 Nd7 13. Bxg7 Kxg7 14. f4 Qa5
15. Kh1 Nf6 16. Bf3 Qc5 17. Rac1 e6 18. Nd5 Bxd5 19. cxd5 Qb6 20. dxe6 fxe6 21.
e5 dxe5 22. fxe5 Nd5 23. Bxd5 exd5 24. Qxd5 Qxb2 25. h3 Rxf1+ 26. Rxf1 Rf8 27.
Qd7+ Kg8 28. Qe6+ 1-0

[Event "Bodenseecup"]
[Site "Pfullendorf"]
[Date "2003.05.03"]
[Round "2.6"]
[White "Meier, Thomas"]
[Black "Wegerle, Joerg"]
[Result "0-1"]
[WhiteElo "2280"]
[BlackElo "2361"]
[PlyCount "190"]
[EventDate "2003.05.??"]
[SourceDate "2003.05.03"]
[WhiteTeam "Württemberg"]
[BlackTeam "Baden"]

1. d4 e6 2. c4 Nf6 3. Nc3 d5 4. cxd5 exd5 5. Bg5 c6 6. e3 Bf5 7. Qf3 Bg6 8.
Bxf6 Qxf6 9. Qxf6 gxf6 10. Nf3 Nd7 11. g3 Bb4 12. Nh4 O-O 13. Be2 Nb6 14. O-O
Bxc3 15. bxc3 Na4 16. Nxg6 hxg6 17. c4 Rfd8 18. Rfc1 dxc4 19. Rxc4 Nb6 20. Rb4
Rd7 21. Rab1 Re8 22. Bf3 f5 23. a4 Ree7 24. a5 Nd5 25. Rc4 a6 26. Rc5 Nf6 27.
Kg2 Kg7 28. h3 Ne8 29. Be2 Nd6 30. Bd3 Nb5 31. Kf3 Re6 32. Bc4 Red6 33. Ba2 Re7
34. g4 fxg4+ 35. hxg4 Rf6+ 36. Kg3 Nd6 37. Rc2 g5 38. Bc4 Ne4+ 39. Kg2 Rh6 40.
Bd3 Rh4 41. Be2 Nf6 42. Rcb2 Nxg4 43. Rxb7 Re6 44. Bxg4 Rxg4+ 45. Kf3 Rh4 46.
R7b6 Rh3+ 47. Ke2 Rh2 48. Rxa6 Rf6 49. Rf1 g4 50. Ke1 Rf5 51. e4 Rf4 52. Rxc6
Rxe4+ 53. Kd2 Rxd4+ 54. Ke3 Ra4 55. Rg1 Rh3+ 56. Rg3 Rxa5 57. Kf4 Ra4+ 58. Kg5
Rh2 59. Rc7 Rxf2 60. Rxg4 Ra5+ 61. Kh4+ Kf6 62. Kg3 Rff5 63. Rc6+ Ke7 64. Re4+
Kd7 65. Rc3 Rfd5 66. Rf4 f5 67. Kf3 Ra1 68. Rb4 Ra6 69. Rb7+ Ke6 70. Rbc7 Ra4
71. R7c6+ Ke5 72. R6c5 Rf4+ 73. Ke3 Re4+ 74. Kf3 Rxc5 75. Rxc5+ Kf6 76. Ra5 Rb4
77. Rc5 Kg5 78. Ra5 Rb3+ 79. Kf2 Kg4 80. Ra4+ f4 81. Rc4 Rb2+ 82. Kf1 Kg3 83.
Rc8 Rb1+ 84. Ke2 f3+ 85. Ke3 Re1+ 86. Kd2 Re5 87. Rg8+ Kf2 88. Rg4 Kf1 89. Rg7
f2 90. Rf7 Re2+ 91. Kd1 Re5 92. Kd2 Re2+ 93. Kd1 Re6 94. Kd2 Rd6+ 95. Ke3 Ke1
0-1

[Event "Bodenseecup"]
[Site "Pfullendorf"]
[Date "2003.05.03"]
[Round "2.7"]
[White "Werner, Clemens"]
[Black "Hoensch, Matthias"]
[Result "1/2-1/2"]
[WhiteElo "2334"]
[BlackElo "2312"]
[PlyCount "114"]
[EventDate "2003.05.??"]
[SourceDate "2003.05.03"]
[WhiteTeam "Baden"]
[BlackTeam "Württemberg"]

1. e4 e6 2. d4 d5 3. Nc3 Nf6 4. e5 Nfd7 5. f4 c5 6. Nf3 Nc6 7. Be3 a6 8. Qd2 b5
9. dxc5 Bxc5 10. Bxc5 Nxc5 11. Bd3 b4 12. Nd1 Qb6 13. Qe3 a5 14. O-O Ba6 15.
Kh1 Rb8 16. Qe2 Bxd3 17. cxd3 Na4 18. Rc1 Ne7 19. Qc2 b3 20. axb3 Qxb3 21. Qxb3
Rxb3 22. Ra1 Rb4 23. b3 Nb6 24. Rxa5 O-O 25. Nd2 Rc8 26. Ra7 Nc6 27. Ra2 Nd4
28. Rb2 h5 29. g3 Nd7 30. Nf2 Rc3 31. Ra2 Nc5 32. Nh3 Nxd3 33. Ng5 Rb8 34. Rfa1
Rc1+ 35. Kg2 f6 36. exf6 gxf6 37. Ngf3 Rxa1 38. Rxa1 Nc2 39. Rb1 e5 40. Nh4 e4
41. Nf5 e3 42. Nf3 Re8 43. N5d4 Nxd4 44. Nxd4 e2 45. Nxe2 Rxe2+ 46. Kf3 Re1 47.
Rxe1 Nxe1+ 48. Ke2 Nc2 49. Kd3 Nb4+ 50. Kd4 Kf7 51. Kc5 Nc2 52. Kxd5 Ke7 53. h3
Kd7 54. g4 hxg4 55. hxg4 Ne3+ 56. Ke4 Nxg4 57. Kf5 Ne3+ 1/2-1/2

[Event "Bodenseecup"]
[Site "Pfullendorf"]
[Date "2003.05.03"]
[Round "2.8"]
[White "Braeuning, Rudolf Wilhelm"]
[Black "Herbrechtsmeier, Christof"]
[Result "1/2-1/2"]
[WhiteElo "2255"]
[BlackElo "2286"]
[PlyCount "36"]
[EventDate "2003.05.??"]
[SourceDate "2003.05.03"]
[WhiteTeam "Württemberg"]
[BlackTeam "Baden"]

1. e4 c5 2. c3 d5 3. exd5 Qxd5 4. d4 Nf6 5. Nf3 g6 6. Na3 Bg7 7. Nb5 Na6 8. Be3
Ng4 9. Bg5 O-O 10. Be2 cxd4 11. cxd4 Nf6 12. h3 Ne4 13. Nc3 Qa5 14. Bd2 Nxd2
15. Qxd2 Rd8 16. Bc4 Nc7 17. O-O Be6 18. Be2 Nd5 1/2-1/2

[Event "Bodenseecup"]
[Site "Pfullendorf"]
[Date "2003.05.03"]
[Round "2.9"]
[White "Metz, Hartmut"]
[Black "Bauer, Peter"]
[Result "0-1"]
[WhiteElo "2351"]
[BlackElo "2240"]
[PlyCount "88"]
[EventDate "2003.05.??"]
[SourceDate "2003.05.03"]
[WhiteTeam "Baden"]
[BlackTeam "Württemberg"]

1. d4 Nf6 2. Nf3 g6 3. Bf4 Bg7 4. e3 d6 5. h3 Nbd7 6. Be2 O-O 7. O-O b6 8. c4
Bb7 9. Nc3 Ne4 10. Nxe4 Bxe4 11. Bh2 c5 12. Qd2 Bb7 13. Rac1 Qc7 14. Rfd1 Rad8
15. d5 Nf6 16. Qc2 Qb8 17. e4 Ne8 18. Re1 e5 19. dxe6 fxe6 20. Rcd1 e5 21. Nd2
Nc7 22. Bg4 h5 23. Be2 Ne6 24. Nb1 Nd4 25. Qd3 Rd7 26. Nc3 Rdf7 27. Rf1 Qd8 28.
Rde1 Qg5 29. Nb5 Rf3 30. Bxf3 Nxf3+ 31. Kh1 Nxe1 32. Rxe1 Rxf2 33. Rg1 Rd2 34.
Qf3 a6 35. Nc7 Qf6 36. Qe3 Qf2 37. Qg5 Bxe4 38. Ne8 Bh6 39. Nf6+ Kf7 40. Nxe4
Bxg5 41. Nxf2 Rxf2 42. Rb1 Ke6 43. a3 Rc2 44. b3 b5 0-1

[Event "Bodenseecup"]
[Site "Pfullendorf"]
[Date "2003.05.03"]
[Round "2.10"]
[White "Saur, Michael"]
[Black "Scherer, Max"]
[Result "1-0"]
[WhiteElo "2149"]
[BlackElo "2296"]
[PlyCount "119"]
[EventDate "2003.05.??"]
[SourceDate "2003.05.03"]
[WhiteTeam "Württemberg"]
[BlackTeam "Baden"]

1. e4 e6 2. d4 b6 3. c4 Bb7 4. Bd3 f5 5. Nc3 Bb4 6. Qh5+ g6 7. Qe2 Nf6 8. f3
Nc6 9. Be3 fxe4 10. fxe4 e5 11. a3 exd4 12. axb4 dxe3 13. b5 Nd4 14. Qxe3 Ne6
15. Nf3 O-O 16. O-O Ng4 17. Qd2 Qe7 18. Kh1 Nc5 19. h3 Ne5 20. Nxe5 Qxe5 21.
Bc2 d6 22. Qe3 Ne6 23. b3 Nd4 24. Qd3 Ne6 25. Qe3 Kg7 26. Nd5 Bxd5 27. cxd5
Rxf1+ 28. Rxf1 Rf8 29. Rxf8 Nxf8 30. Qd3 h5 31. Qc4 Qe7 32. Qa4 Nd7 33. Qxa7
Ne5 34. Qa1 Qf6 35. Qc3 Qf7 36. Kg1 Kh6 37. Bd1 g5 38. Qe3 Kg6 39. Qg3 Qf6 40.
Qf2 Qf4 41. Qxf4 gxf4 42. h4 Ng4 43. Be2 Kf6 44. g3 Ke5 45. Bxg4 hxg4 46. Kf2
Kxe4 47. h5 Kxd5 48. h6 fxg3+ 49. Kxg3 Kc5 50. h7 Kxb5 51. h8=Q Kb4 52. Qb2 b5
53. Kxg4 c5 54. Kf4 c4 55. bxc4+ Kxc4 56. Ke3 b4 57. Qd4+ Kb3 58. Qxd6 Kc3 59.
Qd2+ Kb3 60. Kd3 1-0

[Event "Bodenseecup"]
[Site "Pfullendorf"]
[Date "2003.05.03"]
[Round "2.11"]
[White "Schneider, Bernd2"]
[Black "Namyslo, Holger"]
[Result "1-0"]
[WhiteElo "2224"]
[BlackElo "2303"]
[PlyCount "117"]
[EventDate "2003.05.??"]
[SourceDate "2003.05.03"]
[WhiteTeam "Baden"]
[BlackTeam "Württemberg"]

1. e4 e6 2. d3 d5 3. Nd2 Nf6 4. g3 dxe4 5. dxe4 Bc5 6. Bg2 Nc6 7. Ngf3 O-O 8.
O-O e5 9. h3 b6 10. b3 Ba6 11. Re1 Qe7 12. Nc4 Rad8 13. Qe2 Bb4 14. Bd2 Bxd2
15. Nfxd2 Nd4 16. Qd3 b5 17. Nb2 Qc5 18. c3 Nf5 19. Qc2 Nxg3 20. Nd3 Qd6 21.
Re3 Ngh5 22. Nf3 Rfe8 23. b4 Bc8 24. Bf1 Nxe4 25. Ndxe5 Nef6 26. Bxb5 Nd7 27.
Nxf7 Kxf7 28. Ng5+ Kf8 29. Nxh7+ Kg8 30. Bc4+ Kh8 31. Ng5 g6 32. Nf7+ Kg7 33.
Nxd6 cxd6 34. Bd5 Ne5 35. Qa4 Nf4 36. Qxa7+ Rd7 37. Qd4 Nxd5 38. Qxd5 Bb7 39.
Qd4 Kg8 40. f4 Nf3+ 41. Rxf3 Bxf3 42. Kf2 Be4 43. h4 d5 44. a4 Rf7 45. Kg3 Rc8
46. Re1 Rfc7 47. Re3 Rf7 48. a5 Rcf8 49. Qe5 Rf5 50. Rxe4 dxe4 51. Qxe4 Rd8 52.
a6 Rf7 53. b5 Rfd7 54. Qxg6+ Kh8 55. Qf6+ Kg8 56. b6 Rd3+ 57. Kg4 Kh7 58. Qxd8
Rxd8 59. b7 1-0

[Event "Bodenseecup"]
[Site "Pfullendorf"]
[Date "2003.05.03"]
[Round "2.12"]
[White "Plenca, Julian"]
[Black "Hofrichter, Jens"]
[Result "0-1"]
[WhiteElo "2066"]
[BlackElo "2156"]
[PlyCount "70"]
[EventDate "2003.05.??"]
[SourceDate "2003.05.03"]
[WhiteTeam "Württemberg"]
[BlackTeam "Baden"]

1. e4 c5 2. Nf3 d6 3. d4 cxd4 4. Nxd4 Nf6 5. Nc3 Nc6 6. Be2 e5 7. Nb3 Be7 8.
Bg5 O-O 9. Qd2 a5 10. a4 Be6 11. Bxf6 Bxf6 12. Nb5 Be7 13. Rd1 Nb4 14. Na1 Ra6
15. c3 Bg5 16. Qxd6 Rxd6 17. Rxd6 Qc8 18. cxb4 Qc1+ 19. Rd1 Qxb2 20. Bd3 Qxb4+
21. Ke2 Bg4+ 22. f3 Be6 23. Nc2 Qc5 24. Nba3 Bb3 25. Rb1 Bxa4 26. Rxb7 Bxc2 27.
Nxc2 g6 28. Rhb1 Qc3 29. Ne1 a4 30. R7b2 a3 31. Rc2 Qd4 32. Rb3 Ra8 33. Ra2 Be7
34. g3 Bc5 35. Kd1 Bb4 0-1

[Event "Bodenseecup"]
[Site "Pfullendorf"]
[Date "2003.05.03"]
[Round "2.1"]
[White "Renner, Christoph"]
[Black "Jenni, Florian"]
[Result "0-1"]
[WhiteElo "2418"]
[BlackElo "2516"]
[PlyCount "58"]
[EventDate "2003.05.??"]
[SourceDate "2003.05.03"]
[WhiteTeam "Bayern"]
[BlackTeam "Schweiz"]

1. e4 e5 2. Nf3 Nc6 3. Bc4 Bc5 4. c3 Nf6 5. d3 a6 6. O-O Ba7 7. Re1 d6 8. Bb3
O-O 9. Bg5 h6 10. Bh4 Be6 11. Nbd2 g5 12. Bg3 Kg7 13. Nf1 Bg4 14. Ne3 Bxe3 15.
Rxe3 Nh5 16. h3 Bxf3 17. Qxf3 Nf4 18. Ree1 Ne7 19. Bxf4 gxf4 20. d4 Ng6 21.
dxe5 Qg5 22. exd6 Ne5 23. Qd1 Rad8 24. h4 Qxh4 25. f3 Rxd6 26. Qe2 Rg8 27. Red1
Rg6 28. Qf2 Rg3 29. Kf1 Kh7 0-1

[Event "Bodenseecup"]
[Site "Pfullendorf"]
[Date "2003.05.03"]
[Round "2.2"]
[White "Ballmann, Martin"]
[Black "Bromberger, Stefan"]
[Result "1/2-1/2"]
[WhiteElo "2422"]
[BlackElo "2417"]
[PlyCount "24"]
[EventDate "2003.05.??"]
[SourceDate "2003.05.03"]
[WhiteTeam "Schweiz"]
[BlackTeam "Bayern"]

1. d4 Nf6 2. Nf3 e6 3. Bg5 d5 4. e3 Nbd7 5. Bd3 Bd6 6. Nbd2 h6 7. Bh4 e5 8.
dxe5 Nxe5 9. Nxe5 Bxe5 10. c3 O-O 11. O-O Re8 12. Be2 c6 1/2-1/2

[Event "Bodenseecup"]
[Site "Pfullendorf"]
[Date "2003.05.03"]
[Round "2.4"]
[White "Moor, Olivier"]
[Black "Ostermeyer, Peter"]
[Result "1/2-1/2"]
[WhiteElo "2350"]
[BlackElo "2410"]
[PlyCount "115"]
[EventDate "2003.05.??"]
[SourceDate "2003.05.03"]
[WhiteTeam "Schweiz"]
[BlackTeam "Bayern"]

1. d4 Nf6 2. c4 e6 3. Nc3 Bb4 4. e3 b6 5. Nge2 Ne4 6. Bd2 Nxd2 7. Qxd2 O-O 8.
a3 Be7 9. Ng3 d5 10. cxd5 exd5 11. Bd3 c6 12. O-O Ba6 13. Rad1 g6 14. Rfe1 f5
15. Bxa6 Nxa6 16. Rc1 Nc7 17. Nce2 c5 18. dxc5 bxc5 19. b4 cxb4 20. axb4 Rb8
21. Rb1 Rf6 22. Red1 Rfb6 23. Qa2 Ra6 24. Qd2 Qd6 25. Rdc1 Ne6 26. Rd1 Rxb4 27.
Rxb4 Qxb4 28. Qxd5 Rd6 29. Qa8+ Kf7 30. Ra1 a6 31. Nf1 Qb2 32. Re1 Rb6 33. Nd4
Qb4 34. Nf3 Qc3 35. Rd1 a5 36. Qa7 Qc5 37. Ne5+ Qxe5 38. Qxb6 a4 39. Qa7 a3 40.
Nd2 Qb2 41. Nf3 a2 42. h4 h6 43. Nd4 Qb1 44. Rf1 Nxd4 45. exd4 Kf8 46. Qa8+ Kg7
47. Qa7 Kf8 48. g3 Bf6 49. Kg2 h5 50. Qa3+ Kg7 51. Rc1 Qe4+ 52. Kh2 Qxd4 53.
Qxa2 f4 54. Rc7+ Kh6 55. Rc4 fxg3+ 56. fxg3 Qe3 57. Qg2 Be5 58. Rc2 1/2-1/2

[Event "Bodenseecup"]
[Site "Pfullendorf"]
[Date "2003.05.03"]
[Round "2.5"]
[White "Janz, Frerik"]
[Black "Gruenenwald, Joerg"]
[Result "1/2-1/2"]
[WhiteElo "2393"]
[BlackElo "2386"]
[PlyCount "60"]
[EventDate "2003.05.??"]
[SourceDate "2003.05.03"]
[WhiteTeam "Bayern"]
[BlackTeam "Schweiz"]

1. c4 c6 2. e4 e5 3. Nc3 Bb4 4. Nge2 Nf6 5. a3 Bxc3 6. Nxc3 d5 7. exd5 cxd5 8.
d4 exd4 9. Qxd4 Nc6 10. Qc5 d4 11. Nd5 Ne4 12. Qb5 O-O 13. Bd3 Nd6 14. Qb3 Re8+
15. Kf1 Ne5 16. Bf4 Ndxc4 17. Bxc4 Nxc4 18. Qxc4 Be6 19. Qxd4 Bxd5 20. Be3 Qa5
21. h4 Rad8 22. Qc3 Qb5+ 23. Kg1 Rc8 24. Qd2 Rc4 25. Rh3 Be6 26. Rg3 Rxh4 27.
Qc3 Rg4 28. Rxg4 Bxg4 29. Bxa7 h5 30. Re1 Rxe1+ 1/2-1/2

[Event "Bodenseecup"]
[Site "Pfullendorf"]
[Date "2003.05.03"]
[Round "2.6"]
[White "Papa, Severin"]
[Black "Maier, Alexander"]
[Result "1/2-1/2"]
[WhiteElo "2366"]
[BlackElo "2371"]
[PlyCount "97"]
[EventDate "2003.05.??"]
[SourceDate "2003.05.03"]
[WhiteTeam "Schweiz"]
[BlackTeam "Bayern"]

1. e4 g6 2. d4 Bg7 3. Nc3 c6 4. Nf3 d6 5. Be3 Qb6 6. Rb1 Qc7 7. a4 Nd7 8. Be2
Ngf6 9. O-O O-O 10. Nd2 e5 11. dxe5 dxe5 12. Nc4 Rd8 13. Qd6 Ne8 14. Qa3 Bf8
15. Qa2 Bc5 16. Rbd1 Nef6 17. Rd2 b6 18. Rfd1 Bxe3 19. fxe3 Rf8 20. Nd6 Nc5 21.
b4 Be6 22. Bc4 Bxc4 23. Qxc4 Ne6 24. Ne2 Rad8 25. Qc3 Rxd6 26. Rxd6 Nxe4 27.
Qxc6 Nxd6 28. Qxc7 Nxc7 29. Rxd6 Na6 30. c3 Nb8 31. Kf2 Rc8 32. g4 Kf8 33. Rd5
f6 34. g5 Ke7 35. gxf6+ Kxf6 36. Ng3 Ke6 37. Rd3 Rc4 38. Rd8 Nc6 39. Re8+ Kd7
40. Ra8 a5 41. b5 Ne7 42. Ra7+ Kd8 43. Kf3 Rxa4 44. Ne4 h5 45. Ra8+ Kd7 46.
Ra7+ Kd8 47. Ra8+ Kd7 48. Ra7+ Kd8 49. Ra8+ 1/2-1/2

[Event "Bodenseecup"]
[Site "Pfullendorf"]
[Date "2003.05.03"]
[Round "2.7"]
[White "Kurz, Eugen"]
[Black "Loetscher, Roland"]
[Result "0-1"]
[WhiteElo "2362"]
[BlackElo "2378"]
[PlyCount "52"]
[EventDate "2003.05.??"]
[SourceDate "2003.05.03"]
[WhiteTeam "Bayern"]
[BlackTeam "Schweiz"]

1. c4 Nf6 2. Nc3 c5 3. Nf3 g6 4. d4 Bg7 5. e4 O-O 6. Be2 cxd4 7. Nxd4 Nc6 8.
Nc2 b6 9. O-O Bb7 10. b3 Qc7 11. f4 d6 12. Be3 Rad8 13. Qe1 Qb8 14. Rd1 Rfe8
15. Qh4 Nd7 16. Rd3 Bf6 17. Qh6 Bg7 18. Qh4 Bf6 19. Qh3 Nc5 20. Bxc5 dxc5 21.
Nd5 Nd4 22. Bd1 Bg7 23. Qh4 e6 24. Ne7+ Rxe7 25. Qxe7 Bxe4 26. Ne1 Bxd3 0-1

[Event "Bodenseecup"]
[Site "Pfullendorf"]
[Date "2003.05.03"]
[Round "2.8"]
[White "Kuemin, Simon"]
[Black "Kaiser, Wolfgang"]
[Result "0-1"]
[WhiteElo "2328"]
[BlackElo "2339"]
[PlyCount "76"]
[EventDate "2003.05.??"]
[SourceDate "2003.05.03"]
[WhiteTeam "Schweiz"]
[BlackTeam "Bayern"]

1. d4 Nf6 2. c4 e6 3. Nc3 Bb4 4. g3 c5 5. Nf3 cxd4 6. Nxd4 Ne4 7. Qd3 Qa5 8.
Nb3 Nxc3 9. Bd2 Ne4 10. Qxe4 Bxd2+ 11. Nxd2 Nc6 12. Bg2 O-O 13. Qd3 Qe5 14. Rb1
Rd8 15. O-O d5 16. cxd5 exd5 17. Nf3 Qf6 18. Qb3 Bf5 19. Rbc1 Rd7 20. Rfd1 Be4
21. Rd2 Rad8 22. Qe3 h6 23. Nd4 Bxg2 24. Nxc6 bxc6 25. Kxg2 Re7 26. Qc3 Qg5 27.
e3 Rd6 28. Qd4 h5 29. Qb4 Rh6 30. Rd4 Qe5 31. Rc5 Ree6 32. Qc3 Qf5 33. Rf4 Qb1
34. Qc2 Qe1 35. h4 Rhg6 36. Qc3 Qe2 37. Qc2 Rxe3 38. Rxc6 Rexg3+ 0-1

[Event "Bodenseecup"]
[Site "Pfullendorf"]
[Date "2003.05.03"]
[Round "2.9"]
[White "Hirn, Oskar"]
[Black "Hochstrasser, Michael"]
[Result "0-1"]
[WhiteElo "2330"]
[BlackElo "2359"]
[PlyCount "80"]
[EventDate "2003.05.??"]
[SourceDate "2003.05.03"]
[WhiteTeam "Bayern"]
[BlackTeam "Schweiz"]

1. Nf3 g6 2. e4 Bg7 3. d4 d6 4. Nc3 Nf6 5. Bg5 c6 6. Qd2 h6 7. Bf4 g5 8. Be3 b5
9. Bd3 Ng4 10. Ne2 Qb6 11. c3 e5 12. Ng3 Nxe3 13. fxe3 Rg8 14. O-O a6 15. Qf2
Ra7 16. a4 Bh8 17. b4 Rc7 18. Nd2 Rg6 19. Nf5 exd4 20. exd4 c5 21. bxc5 dxc5
22. e5 cxd4 23. Nd6+ Rxd6 24. exd6 Qxd6 25. Ne4 Qd8 26. Rae1 Kf8 27. c4 Nc6 28.
cxb5 Ne5 29. Qd2 axb5 30. axb5 Bb7 31. Rc1 Rxc1 32. Rxc1 Qd5 33. Rc5 Qb3 34.
Bc2 Qa3 35. Rc7 Qa1+ 36. Kf2 Qa8 37. Qb4+ Kg8 38. Nd6 Qa2 39. Nxb7 Nd3+ 40. Kf3
Qd5+ 0-1

[Event "Bodenseecup"]
[Site "Pfullendorf"]
[Date "2003.05.03"]
[Round "2.10"]
[White "Georges, Sascha"]
[Black "Deglmann, Ludwig"]
[Result "0-1"]
[WhiteElo "2288"]
[BlackElo "2278"]
[PlyCount "118"]
[EventDate "2003.05.??"]
[SourceDate "2003.05.03"]
[WhiteTeam "Schweiz"]
[BlackTeam "Bayern"]

1. d4 f5 2. g3 Nf6 3. Bg2 g6 4. Nh3 Bg7 5. c4 Nc6 6. d5 Ne5 7. Nd2 O-O 8. O-O
c5 9. Qc2 d6 10. Nf4 Rb8 11. a4 a6 12. a5 Qe8 13. Ra3 Bd7 14. b3 g5 15. Ne6
Bxe6 16. dxe6 f4 17. Nf3 Qh5 18. gxf4 gxf4 19. Bxf4 Nxf3+ 20. Bxf3 Ng4 21. Bg3
Be5 22. Qe4 Bxg3 23. Qxg4+ Qxg4 24. Bxg4 Be5 25. Bh5 Rf4 26. e3 Rh4 27. Bf7+
Kg7 28. f4 Bf6 29. Rf2 b6 30. Rg2+ Kh6 31. axb6 Rxb6 32. Be8 Rh3 33. Rg3 Rxg3+
34. hxg3 Bb2 35. Ra2 Rxb3 36. Ba4 Rb4 37. g4 Bc1 38. Rh2+ Kg7 39. Bc2 Bxe3+ 40.
Kf1 h6 41. g5 Bxf4 42. Rxh6 Rxc4 43. Bd3 Rd4 44. Rg6+ Kf8 45. Bxa6 c4 46. Rh6
Bxg5 47. Rh8+ Kg7 48. Rc8 d5 49. Bb7 Kf6 50. Rc6 Ke5 51. Ke2 Rd2+ 52. Ke1 Kd4
53. Ra6 c3 54. Ra5 Bh4+ 55. Kf1 c2 56. Rxd5+ Ke3 57. Re5+ Kf4 58. Re4+ Kf5 59.
Rc4 Rd1+ 0-1

[Event "Bodenseecup"]
[Site "Pfullendorf"]
[Date "2003.05.03"]
[Round "2.11"]
[White "Shekhter, Dmitriy"]
[Black "Zenklusen, Rico"]
[Result "0-1"]
[WhiteElo "2206"]
[BlackElo "2279"]
[PlyCount "70"]
[EventDate "2003.05.??"]
[SourceDate "2003.05.03"]
[WhiteTeam "Bayern"]
[BlackTeam "Schweiz"]

1. e4 c6 2. d4 d5 3. Nc3 dxe4 4. Nxe4 Nd7 5. Nf3 Ngf6 6. Ng3 c5 7. c3 cxd4 8.
Nxd4 g6 9. Bc4 Nb6 10. Bb5+ Bd7 11. O-O Bg7 12. Qe2 O-O 13. Bxd7 Nfxd7 14. Bg5
Re8 15. Rad1 h6 16. Bc1 a6 17. Qg4 e6 18. Rfe1 Qe7 19. Qh3 Qf8 20. Ne4 f5 21.
Ng3 Kf7 22. Re2 Rad8 23. Rde1 Nc5 24. b4 Nd3 25. Nxe6 Rxe6 26. Rxe6 Nxe1 27.
Rxe1 Bxc3 28. Bxh6 Qxb4 29. Bg5 Rh8 30. Be7 Rxh3 31. Bxb4 Bxe1 32. Bxe1 Rh4 33.
Bd2 Ra4 34. Be3 Nd5 35. h4 f4 0-1